Normal view
MARC view
- Greengard, Samuel
Entry Personal Name
001 - CONTROL NUMBER
- control field: 119124
003 - CONTROL NUMBER IDENTIFIER
- control field: OSt
005 - DATE AND TIME OF LATEST TRANSACTION
- control field: 20230201200454.0
008 - FIXED-LENGTH DATA ELEMENTS
- fixed length control field: 230201|| aca||aabn | a|a d
040 ## - CATALOGING SOURCE
- Original cataloging agency: OSt
- Transcribing agency: OSt
100 ## - HEADING--PERSONAL NAME
- Personal name: Greengard, Samuel
670 ## - SOURCE DATA FOUND
- Source citation: Work cat.: (OSt)97447: Greengard, Samuel, author., The internet of things